00352 a2200109 4500001001000000005001700010008004100027245007000068100002300138773006400161999001700225ART_1099720260410161849.0260409a 10aUn ensayo sobre la determinación del precio de los combustibles1 aVisintini, Alfredo0 tEconómicag- Año XXX, Nº 2/3 (may./dic. 1984)wREV7541 c24840d24840